000 00589nam a22002057a 4500
005 20251108173433.0
008 250721s2005 xx 000 0 ara d
020 _a9953458979
082 1 4 _aط/372.3/دية
100 1 _aدية، هنادي
245 1 0 _aانا أسمع /
264 1 _aبيروت :
_bأصالة للنشر و التوزيع،
_c2005.
490 0 _aصديقي شوشو
650 1 7 _aالعلوم
650 1 7 _aالسمع
650 1 7 _aالتعليم الابتدائي
653 _aمرحلة متوسطة (6-9سنة)
942 _2ddc
_cBK
999 _c103862
_d103862